Employment and Unemployment Developments in Slovakia and Czech Republic
Jedným z makroekonomických ukazovateľov, ktoré majú vplyv na hospodársky rast a má významný vplyv na obyvateľstvo, je zamestnanosť. nezamestnanosť. Existuje niekoľko faktorov ovplyvňujúcich rozvoj zamestnanosti a nezamestnanosti, ako sú demografické zmeny, vzdelanie, vek, aktívna politika trhu práce...
Enregistré dans:
| Auteur principal: | |
|---|---|
| Autres auteurs: | , |
| Format: | Chapitre de livre |
| Langue: | anglais |
| Sujets: | |
| Tags: |
Pas de tags, Soyez le premier à ajouter un tag!
|
MARC
| LEADER | 00000naa a2200000 4500 | ||
|---|---|---|---|
| 001 | 0250241 | ||
| 005 | 20220718121403.7 | ||
| 041 | 0 | |a eng | |
| 044 | |a SK | ||
| 245 | 1 | 0 | |a Employment and Unemployment Developments in Slovakia and Czech Republic |c Dagmar Petrušová, Katarína Kráľová, Jana Sochuľáková |
| 520 | |a Jedným z makroekonomických ukazovateľov, ktoré majú vplyv na hospodársky rast a má významný vplyv na obyvateľstvo, je zamestnanosť. nezamestnanosť. Existuje niekoľko faktorov ovplyvňujúcich rozvoj zamestnanosti a nezamestnanosti, ako sú demografické zmeny, vzdelanie, vek, aktívna politika trhu práce atď. Nezamestnanosť má negatívny vplyv nielen na človeka, ale na spoločnosť ako celok. Negatívne vplyvy, ako je pokles životnej úrovne, rozdielne napätie, zhoršovanie ľudských vzťahov, strata motivácie, strata zamestnanosti sa môže prejaviť aj v zdraví nezamestnaných. Analýza, porovnanie a vývoj týchto ukazovateľov v Slovenskej a Českej republike. | ||
| 610 | 2 | 0 | |a analýza komparatívna |
| 610 | 2 | 0 | |a trh práce |
| 610 | 2 | 0 | |a zamestnanosť |
| 610 | 2 | 0 | |a nezamestnanosť |
| 610 | 2 | 0 | |a Slovensko |
| 610 | 2 | 0 | |a Česko |
| 100 | 1 | |a Petrušová, Dagmar | |
| 700 | 1 | |a Kráľová, Katarína | |
| 700 | 1 | |a Sochuľáková, Jana | |